00631cam a22002171 4500001001300000003000400013005001700017008004100034010001700075035002000092040001900112042001200131050001700143060001800160100003700178245002700215260007700242300001000319500006700329999001700396med47001813 DLC20260227111603.0820128s1947 xx 000 0 eng  amed47001813  a(OCoLC)14665744 aDLCcDNLMdDLC apremarc00aRM217b.H3120 aW6bP3 v.57631 aHay, William Howard,d1866-1940.10aMedical millennium ... aWest Palm Beach, Fla. [etc.]bDr. William Howard Hay foundation,cc1947. a27 p. aAlso published as pt. 1 of the author's Yours for good health. c38419d38419